History of the inductive sciences : from the earliest to the present time /

Bibliographic Details
Main Author: Whewell, William 1794-1866 (συγγραφέας.)
Other Authors: Yeo, Richard R. 1948- (συγγραφέας προλόγου)
Format: Book
Language:English
Published: London : John W. Parker and Son, 1857 [ανατύπωση 2001].
Edition:3rd edition with additions in three volumes.
Series:Collected works of William Whewell 1, 2, 3.
Subjects:
LEADER 02556nam a2200325 i 4500
003 GR-PaULI
005 20210117211148.0
008 200916r20011857enk||||| ||| 000 0 eng d
952 |0 0  |1 0  |2 ddc  |3 τ. 1  |4 0  |6 WHEW_190_090000000000000_33_WHE  |7 0  |9 243527  |a PHIL  |b PHIL  |d 2020-09-16  |i 7127  |l 0  |o WHEW 190.090 33 WHE  |p 025000170959  |r 2020-09-16 00:00:00  |t 1  |v 2020.00  |w 2020-09-16  |y BK15 
952 |0 0  |1 0  |2 ddc  |3 τ. 2  |4 0  |6 WHEW_190_090000000000000_33_WHE  |7 0  |9 243528  |a PHIL  |b PHIL  |d 2020-09-16  |i 7128  |l 0  |o WHEW 190.090 33 WHE  |p 025000170960  |r 2020-09-16 00:00:00  |t 1  |v 2020.00  |w 2020-09-16  |y BK15 
952 |0 0  |1 0  |2 ddc  |3 τ. 3  |4 0  |6 WHEW_190_090000000000000_33_WHE  |7 0  |9 243529  |a PHIL  |b PHIL  |d 2020-09-16  |i 7125  |l 0  |o WHEW 190.090 33 WHE  |p 025000170961  |r 2020-09-16 00:00:00  |t 1  |v 2020.00  |w 2020-09-16  |y BK15 
999 |c 146938  |d 146938 
040 |a GR-PaULI  |b gre  |c GR-PaULI  |e AACR2 
041 0 |a eng 
082 0 4 |2 23  |a 190.090 33 
100 1 |9 86518  |a Whewell, William  |d 1794-1866  |e συγγραφέας. 
245 1 0 |a History of the inductive sciences :   |b from the earliest to the present time /  |c by William Whewell.  
250 |a 3rd edition with additions in three volumes. 
260 |a London :  |b John W. Parker and Son,  |c 1857 [ανατύπωση 2001]. 
300 |a 3 τ. ;  |c 22 εκ. 
490 |a Collected works of William Whewell  |v 1, 2, 3.  |x 1855068737 
500 |a τ. 1. xxiv, xxxii, 394 σ. -- τ. 2. xii, 488 σ. -- τ. 3. xiv, 565 σ.  
500 |a Ανατυπώθηκε από Thoemmes Press το 2001. 
504 |a Περιλαμβάνει βιβλιογραφικές παραπομπές. 
505 |a  τ. 1. pt. I. The Greek school philosophy, with reference to physical science. pt. II. The physical sciences in ancient Greece. pt. III. Greek astronomy. pt. IV. Physical sciences in the middle ages. pt. V. Formal astronomy after the stationary period. -- τ. 2. pt. VI. Mechanics, including fluid mechanics. pt. VII. Physical astronomy. pt. VIII. Acoustics. pt. IX. Optics, formal and physical. pt. X. Thermotics and atmology. -- τ. 3. pt. XI. Electricity. pt. XII. Magnetism. pt. XIII. Galvanism of Voltaic electricity. pt. XIV. Chemistry. pt. XV. Mineralogy. pt. XVI. Systematic botany and zoology. pt. XVII. Physiology and comparative anatomy. pt. XVIII. Geology. 
650 4 |a Φιλοσοφία, Αγγλική  |y 18ος αιώνας  |9 27102 
650 4 |9 92024  |a Επιστήμη  |x Φιλοσοφία  |x Ιστορία 
700 1 |9 86455  |a Yeo, Richard R.  |d 1948-  |e συγγραφέας προλόγου 
942 |2 ddc  |c BK15 
998 |c ΚΑΝΕΛΛΟΠΟΥΛΟΥ  |d 2020-09